00265nam a22000977a 4500008004100000082002000041100001400061245006100075260002300136300000800159230606b xxu||||| |||| 00| 0 eng d a616.976762bMOH cMOHd2001 aNational Guidelines for Voluntary Counseling and Testing aNairobibMOHc2001 a35p